Drámaírói keservek

Besednica [z pera humenského lekára]

Podrobná bibliografia
Hlavný autor: Rottenberg, Henrich (Author)
Médium: Článok
Jazyk:Hungarian
Témy:
Zdroj: 1. Felvidéki Hirlap : Közgazdasági, társadalmi és szépirodalmi hetilap 1. Roč. 1, č. 15 (24.06.1908) s. 1 a 2
LEADER 01093nab#a2200373#ar4500
001 000072841
003 SVKKK
005 20110222092259.0
008 080512d1908 xo |||||||||||||||b|hun
FMT
038 |a SVKKK 
038 |a SVKKK 
040 |a SVKKK  |b slo  |e AACR2 
041 0 |a hun 
044 |a xo  |c SK 
080 |a 894.511(437.6)-9  |2 1981 
100 1 |a Rottenberg, Henrich  |4 aut 
242 1 0 |a Sťažnosti dramatika  |c Henrich Rottenberg 
245 1 0 |a Drámaírói keservek  |c Henrik Rottenberg 
500 |a Dohľadanie 
500 |a Popis z mikrofilmu 
520 2 |a Besednica [z pera humenského lekára] 
600 1 4 |a Rottenberg, Henrich  |d 18??-19??  |x lekár  |z Humenné (Slovensko)  |x pôsobenie 
650 0 4 |a besednica  |x literatúra maďarská 
655 4 |a hungariká 
773 0 |t Felvidéki Hirlap : Közgazdasági, társadalmi és szépirodalmi hetilap  |g Roč. 1, č. 15 (24.06.1908) s. 1 a 2 
957 |a Humenné 
958 |a DG 
958 |a HU 
974 |a Ba 
992 |a RBX 
997 |a Rottenberg, Henrich  |d Homonna p. Humenné  |4 aut 
BAS
998 |a RETRO